[Event "Kislovodsk Plaza (Women)"]
[Site "Kislovodsk"]
[Date "2010.12.18"]
[Round "8"]
[White "Saunina, Ludmila"]
[Black "Keren, Nachum"]
[Result "0-1"]
[WhiteElo "2258"]
[BlackElo "2245"]
[PlyCount "97"]
[EventDate "2010.12.11"]
[EventType "tourn"]
[EventRounds "9"]
[EventCountry "RUS"]
[SourceTitle "EXT 2013"]
[Source "ChessBase"]
[SourceDate "2012.11.22"]
[SourceVersion "1"]
[SourceVersionDate "2012.11.22"]
[SourceQuality "1"]

1. e4 e6 2. d4 d5 3. Nc3 Nf6 4. e5 Nfd7 5. f4 c5 6. Nf3 Nc6 7. Be3 cxd4 8. Nxd4 Nxd4 9. Bxd4 Nb8 10. Ne2 Nc6 11. c3 Be7 12. g3 0-0 13. Bh3 f5 14. exf6 gxf6 15. f5 e5 16. Be3 Kh8 17. 0-0 d4 18. cxd4 exd4 19. Bf2 d3 20. Nf4 Ne5 21. Rc1 b6 22. Ne6 Bxe6 23. fxe6 Qd5 24. Be3 Nc4 25. Rxc4 Qxc4 26. b3 Qe4 27. Qd2 Bb4 28. Qf2 Rae8 29. Bf5 Qe5 30. Rd1 d2 31. a3 Bxa3 32. Rxd2 Rxe6 33. Bxe6 Qxe6 34. Bd4 Bc5 35. Bxc5 bxc5 36. Re2 Qxb3 37. Qxc5 Qb6 38. Qxb6 axb6 39. Re7 Rb8 40. Rf7 b5 41. Rxf6 b4 42. Rf2 Kg7 43. Rb2 Kf6 44. Kf2 Ke5 45. Ke3 Kd5 46. Kd3 Kc5 47. Rc2+ Kb5 48. Rc7 h6 49. Kc2 0-1